[Event "SF Stadtverwaltung Bonn 1 - SC Bonn Beu"]
[Site "NRW-Klasse - Gruppe 4 2019/20"]
[Date "2020.02.23"]
[Round "7.7"]
[White "Oechtering, Marcus"]
[Black "Dehmel, Jens"]
[Result "0-1"]
[WhiteElo "1881"]
[BlackElo "1955"]
[PlyCount "70"]
[EventDate "2020.??.??"]
[SourceVersionDate "2020.03.16"]
[WhiteTeam "SC Bonn Beuel 1"]
[BlackTeam "SF Stadtverwaltung Bonn 1"]

1. d4 d5 2. c4 c6 3. Nf3 Nf6 4. Nc3 e6 5. Bg5 h6 6. Bh4 dxc4 7. e4 g5 8. Bg3 b5
9. e5 Nd5 10. Be2 Bb7 11. a4 a6 12. O-O Nd7 13. Nxd5 cxd5 14. axb5 axb5 15.
Rxa8 Qxa8 16. Ne1 Qa2 17. f4 Qxb2 18. f5 Bb4 19. fxe6 fxe6 20. Bh5+ Kd8 21. Rf2
Qc3 22. Nc2 Be7 23. Rf3 Qb2 24. Rf2 Rf8 25. Bf3 b4 26. Ne3 Qc3 27. Re2 Qa3 28.
Nxc4 dxc4 29. Bxb7 Qa7 30. Be4 Nb6 31. Bf2 Nd5 32. Rc2 c3 33. Qb1 b3 34. Re2
Qa3 35. h3 Nb4 0-1

[Event "SF Stadtverwaltung Bonn 1 - SC Bonn Beu"]
[Site "NRW-Klasse - Gruppe 4 2019/20"]
[Date "2020.02.23"]
[Round "7.8"]
[White "Weber, Meikel"]
[Black "Lorenz, Steffen"]
[Result "1/2-1/2"]
[WhiteElo "1867"]
[BlackElo "1950"]
[Annotator "Daniel"]
[PlyCount "113"]
[EventDate "2020.??.??"]
[SourceVersionDate "2020.03.16"]
[WhiteTeam "SF Stadtverwaltung Bonn 1"]
[BlackTeam "SC Bonn Beuel 1"]

1. e4 c5 2. Nf3 g6 3. d4 cxd4 4. Nxd4 Bg7 5. Nc3 Nc6 6. Nb3 Nf6 7. Be2 O-O 8.
O-O d6 9. Bg5 Bd7 10. Kh1 a6 11. f4 Rc8 12. Bf3 Be6 13. Re1 Qc7 14. Qe2 Bxb3
15. cxb3 Nd4 16. Qf2 Nxf3 17. Qxf3 e6 18. Qh3 b5 19. a3 Qb7 20. Qh4 Rxc3 21.
Bxf6 Bxf6 22. Qxf6 Rxb3 23. f5 exf5 24. exf5 Qd5 25. Rad1 Qxf5 26. Qxf5 $11
gxf5 27. Re2 b4 28. a4 f4 29. Rxd6 Rc8 30. Kg1 Re3 31. Kf2 Rxe2+ 32. Kxe2 Rc2+
33. Rd2 Rc4 34. Kd3 Rc6 35. Rc2 Re6 36. Rc4 Rg6 37. Rc2 Kg7 38. Ke4 Rf6 39. Rc4
Rg6 40. Kf3 Rd6 41. Rxb4 Rd2 42. b3 Rb2 43. Rb6 f6 44. h3 Kg6 45. Kxf4 h5 46.
Kf3 Kg5 47. a5 Kf5 48. g3 Rb1 49. h4 Rb2 50. b4 Rb3+ 51. Kg2 Kg4 52. Rxf6 Rb2+
53. Rf2 Rxb4 54. Ra2 Rc4 55. Kh2 Rb4 56. Kg2 Rc4 57. Kh2 1/2-1/2

[Event "Langenfelder SF 1 - SV Hilden 1"]
[Site "NRW-Klasse - Gruppe 4 2019/20"]
[Date "2020.02.23"]
[Round "7.1"]
[White "Kretzschmar, Michael"]
[Black "Rechmann, Peter"]
[Result "1/2-1/2"]
[WhiteElo "2110"]
[BlackElo "2202"]
[PlyCount "67"]
[EventDate "2020.??.??"]
[SourceVersionDate "2020.03.16"]
[WhiteTeam "SV Hilden 1"]
[BlackTeam "Langenfelder SF 1"]

1. d4 Nf6 2. Nf3 d5 3. e3 c5 4. Bd3 Nc6 5. O-O Bg4 6. c3 e6 7. Nbd2 Bd6 8. b3
O-O 9. Bb2 cxd4 10. cxd4 Rc8 11. a3 Bh5 12. b4 a5 13. b5 Nb8 14. Qb3 Bg6 15.
Bxg6 hxg6 16. Qd3 Nbd7 17. Rac1 Qe7 18. Rxc8 Rxc8 19. Rc1 Rxc1+ 20. Bxc1 Nb6
21. Qc3 Qc7 22. Qxc7 Bxc7 23. Nb3 Nc4 24. Nfd2 Nxd2 25. Bxd2 b6 26. a4 Ne4 27.
f3 Nd6 28. g3 Nc4 29. Bc1 Bd6 30. Kf2 Bb4 31. Ke2 f6 32. Kd3 Kf7 33. Ke2 f5 34.
Kd3 1/2-1/2

[Event "Langenfelder SF 1 - SV Hilden 1"]
[Site "NRW-Klasse - Gruppe 4 2019/20"]
[Date "2020.02.23"]
[Round "7.2"]
[White "Stoeber, Michael"]
[Black "Payenberg, Dirk"]
[Result "0-1"]
[WhiteElo "2206"]
[BlackElo "1992"]
[PlyCount "80"]
[EventDate "2020.??.??"]
[SourceVersionDate "2020.03.16"]
[WhiteTeam "Langenfelder SF 1"]
[BlackTeam "SV Hilden 1"]

1. d4 Nf6 2. c4 Nc6 3. Nf3 e6 4. Nc3 Bb4 5. Qc2 d6 6. Bd2 e5 7. d5 Bxc3 8. Bxc3
Ne7 9. e4 O-O 10. g3 Ne8 11. Bd3 g6 12. h4 Ng7 13. Qd2 Kh8 14. O-O-O Bg4 15.
Be2 Ng8 16. h5 Bxf3 17. Bxf3 g5 18. h6 Ne8 19. Rh5 g4 20. Bg2 f5 21. exf5 Nef6
22. Rh2 Ne7 23. f4 gxf3 24. Bxf3 Nxf5 25. g4 Ne7 26. g5 Nd7 27. Bg4 Ng6 28. Kb1
Nc5 29. Qe3 a5 30. Bh5 Qe7 31. Bxg6 hxg6 32. b3 b6 33. Rg2 Kh7 34. Bb2 Rf5 35.
a3 Raf8 36. b4 Rf3 37. Qe2 axb4 38. axb4 Na6 39. Qd2 Qd7 40. Bc3 R8f4 0-1

[Event "Langenfelder SF 1 - SV Hilden 1"]
[Site "NRW-Klasse - Gruppe 4 2019/20"]
[Date "2020.02.23"]
[Round "7.3"]
[White "Glowatz, Christoph"]
[Black "Kurth, Justus"]
[Result "0-1"]
[WhiteElo "1980"]
[BlackElo "2178"]
[PlyCount "66"]
[EventDate "2020.??.??"]
[SourceVersionDate "2020.03.16"]
[WhiteTeam "SV Hilden 1"]
[BlackTeam "Langenfelder SF 1"]

1. Nf3 d5 2. d4 Nf6 3. c4 c6 4. e3 Bg4 5. Nbd2 e6 6. Bd3 Nbd7 7. Qc2 Bd6 8. b3
Bh5 9. Bb2 Bg6 10. O-O O-O 11. Bxg6 hxg6 12. e4 Nxe4 13. Nxe4 dxe4 14. Qxe4 Qa5
15. Rfe1 Rfd8 16. a4 Qf5 17. Qe3 Nf6 18. Red1 Rd7 19. Ne5 Bxe5 20. dxe5 Ng4 21.
Qe2 Rad8 22. Rxd7 Rxd7 23. h3 Qxf2+ 24. Qxf2 Nxf2 25. Rb1 Nd3 26. Bc3 g5 27. g3
Kh7 28. b4 a6 29. b5 axb5 30. cxb5 cxb5 31. Rxb5 Kg6 32. Kg2 Rc7 33. Bd4 Rc4
0-1

[Event "Langenfelder SF 1 - SV Hilden 1"]
[Site "NRW-Klasse - Gruppe 4 2019/20"]
[Date "2020.02.23"]
[Round "7.4"]
[White "Vogelmann, Peter"]
[Black "Schwab, Thomas"]
[Result "1/2-1/2"]
[WhiteElo "2117"]
[BlackElo "1938"]
[PlyCount "43"]
[EventDate "2020.??.??"]
[SourceVersionDate "2020.03.16"]
[WhiteTeam "Langenfelder SF 1"]
[BlackTeam "SV Hilden 1"]

1. e4 d6 2. d4 Nf6 3. Nc3 Nbd7 4. Nf3 e5 5. Bc4 Be7 6. O-O O-O 7. a4 a5 8. Re1
c6 9. h3 h6 10. Ba2 Re8 11. Qd3 exd4 12. Nxd4 Bf8 13. Qg3 Nc5 14. Qf3 d5 15. e5
Nfe4 16. Bf4 Nxc3 17. bxc3 Ne6 18. Be3 Nxd4 19. cxd4 Be6 20. c3 b5 21. Bb1 Qd7
22. Bc2 1/2-1/2

[Event "Langenfelder SF 1 - SV Hilden 1"]
[Site "NRW-Klasse - Gruppe 4 2019/20"]
[Date "2020.02.23"]
[Round "7.5"]
[White "Hanke, Stefan"]
[Black "Huelsmann, Josef"]
[Result "0-1"]
[WhiteElo "1918"]
[BlackElo "2143"]
[PlyCount "36"]
[EventDate "2020.??.??"]
[SourceVersionDate "2020.03.16"]
[WhiteTeam "SV Hilden 1"]
[BlackTeam "Langenfelder SF 1"]

1. d4 d5 2. c4 e6 3. Nc3 c5 4. cxd5 cxd4 5. Qa4+ Bd7 6. Qxd4 exd5 7. Nf3 Nc6 8.
Qxd5 Nf6 9. Qd1 Bc5 10. e3 Qe7 11. Be2 O-O-O 12. O-O g5 13. a3 g4 14. Nd4 Qe5
15. Nxc6 Bxc6 16. Bxg4+ Kb8 17. Qe2 Nxg4 18. Qxg4 Rhg8 0-1

[Event "Langenfelder SF 1 - SV Hilden 1"]
[Site "NRW-Klasse - Gruppe 4 2019/20"]
[Date "2020.02.23"]
[Round "7.6"]
[White "Reinemer, Frank"]
[Black "Krause, Peter"]
[Result "1/2-1/2"]
[WhiteElo "2099"]
[BlackElo "1869"]
[PlyCount "81"]
[EventDate "2020.??.??"]
[SourceVersionDate "2020.03.16"]
[WhiteTeam "Langenfelder SF 1"]
[BlackTeam "SV Hilden 1"]

1. d4 Nf6 2. c4 e6 3. Nc3 Bb4 4. e3 b6 5. Nge2 Bb7 6. a3 Bxc3+ 7. Nxc3 Ne4 8.
Nxe4 Bxe4 9. Qg4 Bg6 10. h4 h5 11. Qf4 Nc6 12. Bd2 a5 13. Bc3 d6 14. Be2 Ra7
15. Rh3 Ne7 16. e4 Qd7 17. Kf1 Rh6 18. Rg3 Kf8 19. Re1 Kg8 20. Qd2 Kh8 21. d5
e5 22. f4 Bxe4 23. fxe5 dxe5 24. Qxh6+ gxh6 25. Bxe5+ Kh7 26. Rg7+ Kh8 27. Rg4+
Kh7 28. Rg7+ Kh8 29. Bg4 Bd3+ 30. Kg1 hxg4 31. Rg6+ Kh7 32. Rg7+ Kh8 33. Rxg4+
Kh7 34. Rg7+ Kh8 35. Rg3+ Kh7 36. Rg7+ Kh8 37. Bc3 c5 38. Rg6+ Kh7 39. Rg7+ Kh8
40. Rg3+ Kh7 41. Rg7+ 1/2-1/2

[Event "Langenfelder SF 1 - SV Hilden 1"]
[Site "NRW-Klasse - Gruppe 4 2019/20"]
[Date "2020.02.23"]
[Round "7.8"]
[White "Weisshaupt, Rainer"]
[Black "Hamburger, Raul"]
[Result "0-1"]
[WhiteElo "1975"]
[BlackElo "1879"]
[PlyCount "34"]
[EventDate "2020.??.??"]
[SourceVersionDate "2020.03.16"]
[WhiteTeam "Langenfelder SF 1"]
[BlackTeam "SV Hilden 1"]

1. e4 c5 2. Nf3 e6 3. Na3 a6 4. c4 Nc6 5. g3 Nf6 6. d3 Be7 7. Bg2 O-O 8. O-O d5
9. exd5 exd5 10. Bf4 Be6 11. Qe2 Re8 12. Ne5 Nd4 13. Qd2 Bd6 14. Rfe1 Nh5 15.
cxd5 Bxd5 16. Nc2 Nxc2 17. Bxd5 Bxe5 0-1